ბათუმის შოთა რუსთაველის სახელმწიფო უნივერსიტეტის ბიბლიოთეკა

The European Union and Border Conflicts : (ბიბ.ჩანაწერი № 53676)

000 -LEADER
fixed length control field 01257nam a2200289Ia 4500
001 - CONTROL NUMBER
control field 20723
003 - CONTROL NUMBER IDENTIFIER
control field GE_BSU
005 - DATE AND TIME OF LATEST TRANSACTION
control field 20221110151522.0
008 - FIXED-LENGTH DATA ELEMENTS--GENERAL INFORMATION
fixed length control field 181216s2015||||xx |||||||||||||| ||eng||
020 ## - INTERNATIONAL STANDARD BOOK NUMBER
International Standard Book Number 9780521709491x
040 ## - CATALOGING SOURCE
Transcribing agency GE_BSU
041 ## - LANGUAGE CODE
Language code of text/sound track or separate title eng
080 ## - UNIVERSAL DECIMAL CLASSIFICATION NUMBER
Universal Decimal Classification number 327 T-44
245 #4 - TITLE STATEMENT
Title The European Union and Border Conflicts :
Remainder of title The Power of Integration and Association /
Statement of responsibility, etc. Edited by Thomas Diez, Mathias Albert, Stephan Stetter.
264 ## - PRODUCTION, PUBLICATION, DISTRIBUTION, MANUFACTURE, AND COPYRIGHT NOTICE
Place of production, publication, distribution, manufacture Cambridge :
Name of producer, publisher, distributor, manufacturer Cambridge University Press,
Date of production, publication, distribution, manufacture, or copyright notice 2008.
300 ## - PHYSICAL DESCRIPTION
Extent 265 p. ;
Dimensions 23 cm.
653 ## - INDEX TERM--UNCONTROLLED
keyword The European Union and Border Conflicts
653 ## - INDEX TERM--UNCONTROLLED
keyword The Power of Integration and Association
653 ## - INDEX TERM--UNCONTROLLED
keyword Конфликты Европейского Союза и границы
653 ## - INDEX TERM--UNCONTROLLED
keyword сила интеграции и ассоциации
653 ## - INDEX TERM--UNCONTROLLED
keyword ევროკავშირი და სასაზღვრო კონფლიქტები
653 ## - INDEX TERM--UNCONTROLLED
keyword ინტეგრაციისა და გაერთიანების ძალა
700 ## - ADDED ENTRY--PERSONAL NAME
Personal name Diez, Thomas
Relator term რედაქტორი
9 (RLIN) 10385
700 ## - ADDED ENTRY--PERSONAL NAME
Personal name Mathias, Albert
Relator term რედაქტორი
9 (RLIN) 10386
700 ## - ADDED ENTRY--PERSONAL NAME
Personal name Stetter, Stephan
Relator term რედაქორი
9 (RLIN) 10387
942 ## - ADDED ENTRY ELEMENTS (KOHA)
Koha item type წიგნი
Source of classification or shelving scheme
ეგზემპლარები
Withdrawn status Lost status Source of classification or shelving scheme Damaged status Not for loan Permanent Location Current Location Shelving location Date acquired Cost, normal purchase price Full call number Barcode Date last seen Copy number Price effective from Koha item type Public note
          ბათუმის შოთა რუსთაველის სახელმწიფო უნივერსიტეტის მთავარი ბიბლიოთეკა ბათუმის შოთა რუსთაველის სახელმწიფო უნივერსიტეტის მთავარი ბიბლიოთეკა წიგნსაცავი 2018-12-17 50.00 327 T-44 54033 2018-12-17 54033 2018-12-17 წიგნი 50.00 GEL.
          ბათუმის შოთა რუსთაველის სახელმწიფო უნივერსიტეტის მთავარი ბიბლიოთეკა ბათუმის შოთა რუსთაველის სახელმწიფო უნივერსიტეტის მთავარი ბიბლიოთეკა წიგნსაცავი 2018-12-17 50.00 327 T-44 54091 2018-12-17 54091 2018-12-17 წიგნი 50.00 GEL.